Score 0/20 Timer 03:00
1 Play Today
Question Answer Wrong Answers
No. 1: Girls Emma
84.3%
Lucy
4.4%
Kate
7.6%
Hope
3.6%
No. 3: Girls Sophia
78.2%
Faith
5.5%
Eleanor
3.6%
Julia
7.8%
No. 2: Girls Olivia
74.2%
Susannah
1.9%
Lynn
2%
Grace
19.7%
No. 8: Girls Emily
72.4%
Bethany
8.1%
Carol
2%
Nevaeh
7.4%
No. 5: Girls Isabella
72%
Natalie
8.3%
Margaret
2.3%
Claire
9.6%
No. 4: Girls Ava
70.9%
Gia
2.4%
Amy
14.7%
Ivy
5.4%
No. 6: Boys Ethan
70.5%
Micah
13.6%
Ronald
1.7%
Timothy
5.2%
No. 6: Girls Mia
69.7%
Frances
2%
Alice
9.7%
Stephanie
9.9%
No. 1: Boys Noah
66.9%
Matthew
27.1%
Edward
4.5%
Roy
0.8%
No. 8: Boys Alexander
65.2%
Anthony
19.2%
Alan
3.5%
Arnold
1.8%
No. 2: Boys Liam
64.9%
David
15.1%
Edwin
1.5%
Thomas
15.3%
No. 9: Girls Charlotte
63.9%
Caroline
12.5%
Christine
6.3%
Cecilia
6.6%
No. 9: Boys Michael
62.9%
Gabriel
22.3%
Raphael
2.7%
Uriel
1.3%
No. 3: Boys Mason
56.7%
Carter
12.6%
Parker
12.1%
Cooper
13%
No. 4: Boys Jacob
55%
John
7.1%
Elijah
21.3%
Andrew
9.5%
No. 5: Boys William
52.6%
Richard
4.1%
George
14.4%
Henry
20.8%
No. 7: Girls Abigail
47.4%
Elizabeth
19.7%
Ruth
2.4%
Sarah
21.2%
No. 10: Girls Harper
42.8%
Lydia
13.7%
Aaliyah
7.1%
Evelyn
25.2%
No. 10: Boys Benjamin
42.7%
Isaac
29.9%
Arthur
3.6%
Leo
12.3%
No. 7: Boys James
40%
Marcus
8.6%
Christopher
19.9%
Nicholas
21.9%

You're not logged in!

Compare scores with friends on all Sporcle quizzes.
OR
Log In

Sporcle TV

Today on Sporcle TV


Watch our educational content, quiz creation guides, and fun videos on Sporcle TV.

Show Comments

Extras

Top Quizzes Today


Score Distribution

Your Account Isn't Verified!

In order to create a playlist on Sporcle, you need to verify the email address you used during registration. Go to your Sporcle Settings to finish the process.

Report this User

Report this user for behavior that violates our Community Guidelines.

Details: